000 00898nam a2200265 a 4500
003 OSt
005 20240307073942.0
008 150409s2013 dr a r 001 0 spa d
020 _a9789945472288
040 _aDO-SdBNP
_bspa
_cBNPHU
082 _a540.7
_bM539q
_222
100 1 _a Uzcanga, Izaskun
_973532
245 1 0 _aQuímica
_bprácticas del laboratorio /
_cCarmen Leticia Mendoza de Cid.
260 _aSanto Domingo :
_bInstituto Tecnológico de Santo Domingo,
_c2013
300 _a66 p. :
_bil. ;
_c28 cm.
504 _aBibliografía : p. 66
590 _aInventariado, 2020/VM
650 4 _aQuímica
_xExperimentos.
_977314
650 4 _aQuímica
_vProblemas, ejercicios, etc.
_977315
650 4 _aQuímica
_vManuales de laboratorio
_977316
700 1 _a Pérez, Alfredo
_977328
710 2 _aInstituto Tecnológico de Santo Domingo
_978911
910 _aVMateo
942 _2ddc
_cLBS1
999 _c49161
_d49161